Társadalmi felelősségvállalás az alkoholiparban a Diageo vállalat példáján keresztül bemutatva

Bibliographic Details
Main Author: Sztranyán Katalin
Other Authors: Győri Dr. Zsuzsanna
Tamási Ádám
Format: Thesis
Kulcsszavak:Vállalati társadalmi felelősségvállalás
alkoholipar
CSR
Online Access:http://dolgozattar.uni-bge.hu/19728

MARC

LEADER 00000nta a2200000 i 4500
001 dolg19728
005 20181217091754.0
008 181217suuuu hu om 000 hun d
040 |a BGE Dolgozattár Repozitórium  |b hun 
041 |a hu 
100 1 |a Sztranyán Katalin 
245 1 0 |a Társadalmi felelősségvállalás az alkoholiparban a Diageo vállalat példáján keresztül bemutatva  |c Sztranyán Katalin  |h [elektronikus dokumentum] 
695 |a Vállalati társadalmi felelősségvállalás 
695 |a alkoholipar 
695 |a CSR 
700 1 |a Győri Dr. Zsuzsanna  |e ths 
700 1 |a Tamási Ádám  |e ths 
856 4 0 |u http://dolgozattar.uni-bge.hu/19728/1/Sztrany%C3%A1n%20Katalin%20SWV82F%20Szakdolgozat.pdf  |z Dokumentum-elérés